00822nam a22001457a 4500082002100000245010500021260003700126300005700163563000800220942001500228999001900243952013800262952013800400952013800538 a344.0095491bPLC aPakistan Labour Cases 2016 :bPLC /cFounded by Malik Mir Muhammad and Edited by H. B. Tanvir et all aLahore :bPLD Publishers,c2016. aVol: 1. 539, Vol: 2. 574 and Vol: 3. 772 p. ;c23cm. aHB. 2ddccCRs1 c595223d595223 00102ddc4070aNLSbNLScLAWd2023-07-11ePLD PublishershVol. LVII, No. 1o344.0095491 PLCpCL-L-1336r2023-07-11w2023-07-11yREF 00102ddc4070aNLSbNLScLAWd2023-07-11ePLD PublishershVol. LVII, No. 2o344.0095491 PLCpCL-L-1337r2023-07-11w2023-07-11yREF 00102ddc4070aNLSbNLScLAWd2023-07-11ePLD PublishershVol. LVII, No. 3o344.0095491 PLCpCL-L-1338r2023-07-11w2023-07-11yREF